| 000 | 01288cam a2200301 a 4500 | ||
|---|---|---|---|
| 001 | 3350844 | ||
| 003 | OSt | ||
| 005 | 20231007150715.0 | ||
| 008 | 860528s1986 mau 000 1 eng | ||
| 010 | _a 86010336 | ||
| 020 | _a9781784877637 | ||
| 020 |
_a039540424X : _c$16.95 |
||
| 040 |
_aDLC _cDLC _dDLC |
||
| 050 | 0 | 0 |
_aPR9199.3.A8 _bB58 1986 |
| 082 | 0 | 0 |
_a813.54 _bATW/B |
| 100 |
_aAtwood, Margaret _d1939- _95585 |
||
| 240 | 1 | 0 |
_aBluebeard's egg (Collection). _f1986. |
| 245 | 1 | 0 |
_aBluebeard's egg and other stories / _cMargaret Atwood. |
| 250 | _a1st American ed. | ||
| 260 |
_aBoston : _bHoughton Mifflin, _c1986. |
||
| 300 |
_a283 p. ; _c22 cm. |
||
| 500 | _aRev. ed. of: Bluebeard's egg. c1983. | ||
| 505 | 0 | _aSignificant moments in the life of my mother -- Hurricane Hazel -- Loulou, or, The domestic life of the language -- Uglypuss -- Two stories about Emma -- Bluebeard's egg -- Spring song of the frogs -- Scarlet Ibis -- The salt garden -- In search of the rattlesnake plantain -- The sunrise -- Unearthing suite. | |
| 651 | 0 |
_aCanada _xSocial life and customs _xFiction. |
|
| 700 | 1 |
_aAtwood, Margaret, _d1939- _tBluebeard's egg. |
|
| 906 |
_a7 _bcbc _corignew _d1 _eocip _f19 _gy-gencatlg |
||
| 942 |
_2ddc _cBK _h813.54 _iATW/B _k813.54 _mATW/B |
||
| 999 |
_c42586 _d42586 |
||